00626nam a22001575i 450000100060000000300090000600500170001500700030003200800410003504000200007610000350009624502360013126000540036730000210042185200260044253576ES-MaACL20250905063041.0t|960704s1888 sp ||||1| spa d aCAM bspa cCAM1 aFalcón, Modesto, d1828-190213aLa futura legislación civil de España b: exámen de las bases para la redacción de un código civil adoptadas por la ley de 22 de mayo de 1888 / cpor Modesto Falcón; trabajos publicados por la Revista de los Tribunales. aMadrid : bCentro Editorial de Góngora, c1888. a89 p. ; c23 cm. aES-MaACLjFol-Laf-337